Word Ladder: Baseball Joke Quiz Stats

 Plays Quiz Updated Jul 18, 2014

Support Sporcle.
Go Orange.
Score 0/21 Timer 03:00
1 Play Today
Clues 4-Letter Word % Correct
Set-upSOAR
95.4%
Set-upSPAR
88.8%
PunchlineSAME
87.8%
Set-upSPAY
84.1%
Set-upSOUR
83.9%
Set-upTOUR
83.5%
PunchlineSANE
81.2%
Set-upTOOT
80.6%
Set-up ★ STAY ★
78.3%
Set-upTOUT
76.8%
Set-up ★ COOL ★
75.6%
Clues 4-Letter Word % Correct
Set-upCOOT
75%
PunchlineNEAT
69.6%
PunchlineSANS
66.5%
PunchlineNOME
64.7%
Punchline ★ SOME ★
64.6%
PunchlineNOSE
59.9%
PunchlineNEST
58.6%
Punchline ★ NEAR ★
54.9%
PunchlineNOST
46.7%
Punchline ★ FANS ★
46.2%

Today's Daily Dose

Missing Word
1961 Movies A-Z

Word Ladder
Study Light

Get the Picture
Bread and Butter

You're not logged in!

Compare scores with friends on all Sporcle quizzes.
OR
Log In

From the Vault

Pick the Movie Santa

by lolshortee

One man, many faces.
Remove Ads.
Support Sporcle.
Get the best of Sporcle when you Go Orange. This ad-free experience offers more features, more stats, and more fun while also helping to support Sporcle. Thank you for becoming a member.

Show Comments

Extras

Top Quizzes Today


Score Distribution

Your Account Isn't Verified!

In order to create a playlist on Sporcle, you need to verify the email address you used during registration. Go to your Sporcle Settings to finish the process.

Report this User

Report this user for behavior that violates our Community Guidelines.

Details: